00603nam a2200193Ia 4500008004100000020001800041082001400059100002400073245003000097250000800127260004200135300003200177500001900209600001500228650001500243942000700258952012900265999001500394240925s9999 xx 000 0 und d a9780470804032 a658.3 STO aStone ,Raymond J. 0aHuman Resource Management a5th aAustralia:bJohn Wiley & Sonsc,2005. aVarious pagesbNAfOriginal aIncludes Index aManagement aManagement cBK 001040708MANaUITUbUITUd2008-05-12eCitizen Book Shopg237.60l0o658.3 STOpQ7479r2024-09-25 07:14:37w2024-09-25yBK c9978d9978